000
00261nam a22001097a 4500
003
NUST
005
20230209133624.0
082
_a
519.23,XAV
100
_a
S.P.C Xavier
_9
108794
245
_a
Probability theory and Random Process /
_c
S.P.C Xavier
942
_2
ddc
_c
BK
999
_c
593186
_d
593186